Aproximación a la fonología generativa. Principios teóricos y problemas

Uloženo v:
Podrobná bibliografie
Hlavní autoři: Contreras, Heles (Autor), Lleó, Conxita (Autor)
Médium: Kniha
Jazyk:španělština
Vydáno: Buenos Aires, Argentina Anagrama 1982
Témata:
Tagy: Přidat tag
Žádné tagy, Buďte první, kdo vytvoří štítek k tomuto záznamu!

MARC

LEADER 00000cam a2200000 a 4500
001 UCC9849
003 CL-VaPUC
005 20201029001118.0
008 191117e19820000ag spa d
999 |c 8284  |d 8284 
020 |a 8433908030 
040 |c Pontificia Universidad Católica de Valparaíso 
082 0 4 |a 414 CON 1982  |2 21 
100 1 |a Contreras, Heles  |e author  |9 605175 
245 1 0 |a Aproximación a la fonología generativa.  |b Principios teóricos y problemas 
260 |a Buenos Aires, Argentina   |b Anagrama  |c 1982 
300 |a 254 páginas  
583 |a last modification  |c 20191117 22:03:00  |k cmena 
650 0 0 |a Fonología   |9 341074 
650 0 0 |a Fonética  |9 308371 
700 1 |a Lleó, Conxita  |e author  |9 605176 
852 |a BIBEDU 
942 |c BK  |2 ddc 
945 |a dcastane  |d 20191117 22:03:00 
952 |0 0  |1 0  |3 erb  |4 0  |6 414_000000000000000_CON_1982  |7 0  |8 A  |9 495469  |a BIBEDU  |b BIBEDU  |d 2019-11-08  |e 1  |g 58021.00  |i 5565782  |o 414 CON 1982  |p 5565782  |r 2020-01-06  |v 58021.00  |w 2020-01-06  |y BK  |z Catalogado en:20191117  |k LIT